Arap baharı ve Türkiye (Record no. 27400)

MARC details
000 -LEADER
fixed length control field 00683nam a2200181Ia 4500
020 ## - INTERNATIONAL STANDARD BOOK NUMBER
ISBN 978-605-62918-0-7
050 ## - CALL MARK
Classification number DS 63.18 .C48/
100 ## - STATEMENT OF RESPONSIBILITY--MAIN AUTHOR NAME
Personal name Çetin, Altan
245 #0 - TITLE STATEMENT
Title Arap baharı ve Türkiye
260 ## - PUBLICATION, DISTRIBUTION, ETC. (IMPRINT)
Place of publication Çankırı
260 ## - PUBLICATION, DISTRIBUTION, ETC. (IMPRINT)
Name of publisher Çankırı Karatekin Üniversitesi
260 ## - PUBLICATION, DISTRIBUTION, ETC. (IMPRINT)
Year of publication 2012
300 ## - PHYSICAL DESCRIPTION
Number of Pages 114 p
650 ## - SUBJECT ADDED ENTRY--TOPICAL TERM
Topical Term Revolutions -- Arab countries Arab spring, 2010- Arab countries -- Politics and government -- 20th century Arab countries -- Foreign relations -- Turkey Middle East -- Politics and government -- 20th century Turkey -- Foreign relations -- Arab countries
942 ## - ADDED ENTRY ELEMENTS (KOHA)
Koha item type Books
Holdings
Withdrawn status Lost status Source of classification or shelving scheme Damaged status Not for loan Permanent Location Current Location Date acquired Accession Number Price effective from Koha item type
    Library of Congress Classification     NILE UNIVERSITY OF NIGERIA - MAIN LIBRARY NILE UNIVERSITY OF NIGERIA - MAIN LIBRARY 04/23/2025 0002260 04/23/2025 Books